|
|
|
|
| LEADER |
00000cam a2200000 7i4500 |
| 001 |
0000005176 |
| 005 |
20020502.0 |
| 020 |
|
|
|a 0935470603
|
| 090 |
0 |
0 |
|a 338.9439
|b HIE
|
| 100 |
1 |
|
|a Hieronymi, Otto
|
| 245 |
1 |
0 |
|a Economic policies for the new Hungray :
|b proposals for a coherent approach
|c Otto Heironymi with participation of an international group of experts
|
| 260 |
|
|
|a Boulder :
|b Westview Press ,
|c 1990
|
| 300 |
|
|
|a 121 p. ;
|c 22 cm.
|
| 651 |
|
0 |
|a Hungary
|x Economic conditions
|y 1989
|
| 651 |
|
0 |
|a Hungary
|x Economic policy
|y 1989
|
| 651 |
|
0 |
|a Hungary
|x Foreign economic relations
|
| 999 |
|
|
|a 037618
|b BUKU
|c PINJAMAN
|e PERPUSTAKAAN KOMUNITI PETALING JAYA
|